000 00652nam a2200205Ia 4500
005 20250508170249.0
008 008 250505s9999 xx 000 0 eng d
020 _a978-1-5297-9218-8
037 _aReference
040 _aFEDL
_beng
_cFEDL
041 _aeng
_2eng
084 _a375, WOR/RR
_qFEDL
100 _aWordlaw Sarah
_9783675
245 0 _aTime to shake up the primary curriculum: A step- by- step guide to creating a global diverse and inclusive school
260 _aNew Delhi, India
_bBloomsbury Education
_c2023
300 _axx, 263p.
365 _aINR
_b799
942 _cREF
_h375, WOR/RR
999 _c1400095
_d1400095